Southville International School and Colleges
Your cart is empty.
  • Cart
  • Lists
    Public lists Eva Luna New books Lux_list list_1
    Your lists Log in to create your own lists
  • Log in to your account
  • Your cookies
  • Search history
Southville International School and Colleges
  • Advanced search
  • Recent comments
  • Most popular
  • Libraries

Log in to your account

Log in with GOOGLE


If you do not have an external account, but do have a local account, you can still log in:

  1. Home
  2. MARC view: Introductory econometrics for finance /
Normal view MARC view ISBD view

Introductory econometrics for finance / (Record no. 288311)

[ view plain ]
MARC details
000 -LEADER
fixed length control field 01101cam a2200301 i 4500
001 - CONTROL NUMBER
control field 17992138
003 - CONTROL NUMBER IDENTIFIER
control field PILC
005 - DATE AND TIME OF LATEST TRANSACTION
control field 20150804142150.0
008 - FIXED-LENGTH DATA ELEMENTS--GENERAL INFORMATION
fixed length control field 140109s2014 nyu b 001 0 eng
010 ## - LIBRARY OF CONGRESS CONTROL NUMBER
LC control number 2013049908
020 ## - INTERNATIONAL STANDARD BOOK NUMBER
International Standard Book Number 9781107034662 (hardback)
020 ## - INTERNATIONAL STANDARD BOOK NUMBER
International Standard Book Number 9781107661455 (pbk.)
040 ## - CATALOGING SOURCE
Original cataloging agency DLC
Language of cataloging eng
Transcribing agency DLC
Description conventions rda
Modifying agency DLC
042 ## - AUTHENTICATION CODE
Authentication code pcc
050 00 - LIBRARY OF CONGRESS CALL NUMBER
Classification number HG 173
Item number .B76 2014
082 00 - DEWEY DECIMAL CLASSIFICATION NUMBER
Classification number 332.01/5195
100 1# - MAIN ENTRY--PERSONAL NAME
Personal name Brooks, Chris,
Dates associated with a name 1971-
245 10 - TITLE STATEMENT
Title Introductory econometrics for finance /
Statement of responsibility, etc Chris Brooks, The ICMA Centre, Henley Business School, University of Reading.
250 ## - EDITION STATEMENT
Edition statement 3rd edition.
260 ## - PUBLICATION, DISTRIBUTION, ETC. (IMPRINT)
Place of publication, distribution, etc United Kingdom :
Name of publisher, distributor, etc Cambridge University Press,
Date of publication, distribution, etc 2014.
300 ## - PHYSICAL DESCRIPTION
Extent xxiv, 716 pages :
Dimensions 25 cm.
Other physical details illustrations (chiefly color) ;
500 ## - GENERAL NOTE
General note Includes bibliographical references and index.
650 #0 - SUBJECT ADDED ENTRY--TOPICAL TERM
Topical term or geographic name as entry element Finance
General subdivision Econometric models.
650 #0 - SUBJECT ADDED ENTRY--TOPICAL TERM
Topical term or geographic name as entry element Econometrics.
906 ## - LOCAL DATA ELEMENT F, LDF (RLIN)
a 7
b cbc
c orignew
d 1
e ecip
f 20
g y-gencatlg
942 ## - ADDED ENTRY ELEMENTS (KOHA)
Source of classification or shelving scheme Library of Congress Classification
Koha item type Books
Holdings
Withdrawn status Lost status Source of classification or shelving scheme Damaged status Home library Current library Shelving location Date acquired Source of acquisition Cost, normal purchase price Sub Shelving location Total Checkouts Full call number Barcode Date last seen Price effective from Koha item type
    Library of Congress Classification   College Library College Library Reserve Section 08/04/2015 Library Fund 4638.00     HG 173 .B76 2014 C19632 05/15/2018 08/04/2015 Books

Introductory econometrics for finance /

APA

Brooks C., . (2014). Introductory econometrics for finance. United Kingdom: Cambridge University Press.

Chicago

Brooks Chris, . 2014. Introductory econometrics for finance. United Kingdom: Cambridge University Press.

Harvard

Brooks C., . (2014). Introductory econometrics for finance. United Kingdom: Cambridge University Press.

MLA

Brooks Chris, . Introductory econometrics for finance. United Kingdom: Cambridge University Press. 2014.

  • Place hold
  • Print
  • Cite
  • Add to your cart (remove)
  • Save record
    BIBTEX Dublin Core MARCXML MARC (non-Unicode/MARC-8) MARC (Unicode/UTF-8) MARC (Unicode/UTF-8, Standard) MODS (XML) RIS
  • More searches
    Search for this title in:
    Other Libraries (WorldCat) Other Databases (Google Scholar) Online Stores (Bookfinder.com) Open Library (openlibrary.org)

Exporting to Dublin Core...

SOUTHVILLE LIBRARY

Southville International School and Colleges Library

1281 Tropical Ave. Cor. Luxembourg St., BF Homes International, Las Pinas City

Tel. No. 8256374 / 252358 Loc. 117/146

Powered by Koha